Villes du Val-d'Oise en images - Statistiques

Statistiques générales
  • Ce quiz a été pris 109 fois
  • Le résultat moyen est 9 sur 18
Statistiques - réponses
Par images Hint Réponse % Correct
C Cergy
90%
R Roissy-en-France
85%
S Sarcelles
85%
P Pontoise
81%
E Enghien-les-Bains
76%
A Argenteuil
70%
(L')I L'Isle-Adam
65%
G Gonesse
59%
H Herblay-sur-Seine
46%
M Montmorency
46%
S Saint-Ouen-l'Aumône
45%
É Écouen
44%
G Goussainville
31%
A Auvers-sur-Oise
29%
B Beaumont-sur-Oise
24%
L Luzarches
20%
M Magny-en-Vexin
9%
V Villiers-le-Bel
6%
Aucun quiz correspondant
Distribution des résultats
% des personnes avec chaque résultat
Percentile par nombre de réponses
Votre historique - résultats
Vous n’avez pas pris ce quiz